<?xml version="1.0" encoding="UTF-8"?>
<record
    xmlns:xsi="http://www.w3.org/2001/XMLSchema-instance"
    xsi:schemaLocation="http://www.loc.gov/MARC21/slim http://www.loc.gov/standards/marcxml/schema/MARC21slim.xsd"
    xmlns="http://www.loc.gov/MARC21/slim">

  <leader>01197nam a2200169   4500</leader>
  <datafield tag="999" ind1=" " ind2=" ">
    <subfield code="c">509502</subfield>
    <subfield code="d">509502</subfield>
  </datafield>
  <controlfield tag="008">190510b           ||||| |||| 00| 0 eng d</controlfield>
  <datafield tag="100" ind1=" " ind2=" ">
    <subfield code="a">Kroll, Alexander</subfield>
    <subfield code="9">5401</subfield>
  </datafield>
  <datafield tag="245" ind1=" " ind2=" ">
    <subfield code="a">Changes in prosocial motivation over time: a cross-sector analysis of effects on volunteering and work behavior</subfield>
  </datafield>
  <datafield tag="260" ind1=" " ind2=" ">
    <subfield code="c">2018</subfield>
  </datafield>
  <datafield tag="300" ind1=" " ind2=" ">
    <subfield code="a">p.1119-1131.</subfield>
  </datafield>
  <datafield tag="520" ind1=" " ind2=" ">
    <subfield code="a">A gap in research on prosocial motivation is that very little is known about its change across time, let alone, how such changes affect employee behavior. Using multiple waves of panel data, covering a period of sixteen years, this article finds that prosocial motivation is mostly stable, and there are no broader socialization effects in the private and public sector. However, when prosocial motivation increases, it leads to increases in either work or volunteering behavior, suggesting that public employees may use alternative outlets to realize their motivation if such motivational capital cannot be linked to the mission of their organizations. - Reproduced.</subfield>
  </datafield>
  <datafield tag="650" ind1=" " ind2=" ">
    <subfield code="a">Work culture</subfield>
    <subfield code="9">5402</subfield>
  </datafield>
  <datafield tag="700" ind1=" " ind2=" ">
    <subfield code="a">Vogel, Dominik</subfield>
    <subfield code="9">5403</subfield>
  </datafield>
  <datafield tag="773" ind1=" " ind2=" ">
    <subfield code="a">International Journal of Public Administration</subfield>
  </datafield>
  <datafield tag="906" ind1=" " ind2=" ">
    <subfield code="a">Motivation</subfield>
  </datafield>
  <datafield tag="942" ind1=" " ind2=" ">
    <subfield code="2">ddc</subfield>
    <subfield code="c">AR</subfield>
  </datafield>
  <datafield tag="952" ind1=" " ind2=" ">
    <subfield code="0">0</subfield>
    <subfield code="1">0</subfield>
    <subfield code="2">ddc</subfield>
    <subfield code="4">0</subfield>
    <subfield code="7">0</subfield>
    <subfield code="9">383442</subfield>
    <subfield code="a">IIPA</subfield>
    <subfield code="b">IIPA</subfield>
    <subfield code="d">2019-05-10</subfield>
    <subfield code="h">41(14), Oct, 2018: p.1119-1131.</subfield>
    <subfield code="p">AR119671</subfield>
    <subfield code="r">2019-05-10</subfield>
    <subfield code="y">AR</subfield>
  </datafield>
</record>
